| 000 | 00604nam a2200193Ia 4500 | ||
|---|---|---|---|
| 008 | 120913t2006 xxu||||| |||| 00| 0 sin d | ||
| 041 | _asin | ||
| 080 |
_a8 - 31 (eng) _bGAL |
||
| 100 | _aGallico,Paul | ||
| 245 | _aජුලියන්ගේ සිහිනය | ||
| 246 | _aJuliyange Sihinaya | ||
| 260 |
_aWijesuriya Pataka Padanama _aPunchi Boralla _c2006 |
||
| 300 | _b234p, 22 cm | ||
| 500 | _aSinhalese Translation Of Paul Gallico's of The Boy Who Invented The Bubble Gun | ||
| 700 |
_aKarunarathna,Indrani _etr. |
||
| 942 | _cBK | ||
| 999 |
_c41268 _d41268 |
||
| 003 | LK-CoDNM | ||
| 040 |
_aLK-CoDNM _dLK-CoDNM _eLK-CoDNM |
||